Les Reines de France - Mort Subite - Statistiques

Statistiques générales
  • Ce quiz a été pris 247 fois
    34 depuis la dernière actualisation
  • Le résultat moyen est 6 sur 17
Answers on the Grid
Answers color-coded by a green-red scale on the quiz's grid according to % correct below.
Catherine de Médicis
Élisabeth de Wittelsbach
Frédégonde
Marie-Antoinette d'Autriche
Aliénor d'Aquitaine
Adélaïde de Saxe-Meiningen
Agnès de France
Eugénie de Montijo
Marie Leszczyńska
Claude de France
Joséphine de Beauharnais
Berthe de Sulzbach
Théodora
Isabeau de Bavière
Marie-Thérèse d'Autriche
Anne d'Autriche
Mary de Teck
Marguerite de Provence
Anne de Bretagne
Françoise-Athénaïs de Rochechouart de Mortemart
Éléonore de Habsbourg
Agnès de Poitiers
Clotilde
Marie de Médicis
Constance de Castille
Jeanne-Antoinette Poisson
Louise de Lorraine-Vaudémont
Isabelle de Portugal
Charlotte de Mecklembourg-Strelitz
Marie Stuart
 
Statistiques - réponses
Réponse % Correct
Catherine de Médicis
100%
Marie-Antoinette d'Autriche
94%
Aliénor d'Aquitaine
67%
Anne de Bretagne
50%
Frédégonde
50%
Claude de France
44%
Anne d'Autriche
39%
Marie Leszczyńska
39%
Isabeau de Bavière
33%
Marie-Thérèse d'Autriche
28%
Clotilde
22%
Marie de Médicis
22%
Marguerite de Provence
17%
Marie Stuart
17%
Louise de Lorraine-Vaudémont
11%
Constance de Castille
6%
Éléonore de Habsbourg
6%
Aucun quiz correspondant
Distribution des résultats
% des personnes avec chaque résultat
Percentile par nombre de réponses
Votre historique - résultats
Vous n’avez pas pris ce quiz depuis la dernière actualisation